Krishnavathara Katha (bhagam 2)/ (Record no. 144787)

000 -LEADER
fixed length control field 00413nam a22001457a 4500
082 ## - DEWEY DECIMAL CLASSIFICATION NUMBER
Classification number M301
Item number DAY/K
100 ## - MAIN ENTRY--AUTHOR NAME
Personal name Dayananda Tirtha Swami
245 ## - TITLE STATEMENT
Title Krishnavathara Katha (bhagam 2)/
Statement of responsibility, etc by Dayananda Tirtha Swami
260 ## - PUBLICATION, DISTRIBUTION, ETC. (IMPRINT)
Place of publication Kottayam:
Name of publisher Sahitya Pravarthaka Cooperative Society,
Year of publication 1992.
300 ## - PHYSICAL DESCRIPTION
Number of Pages 83p.
650 ## - SUBJECT ADDED ENTRY--TOPICAL TERM
Topical Term Stories Malayalam
650 ## - SUBJECT ADDED ENTRY--TOPICAL TERM
Topical Term Literature Malayalam
650 ## - SUBJECT ADDED ENTRY--TOPICAL TERM
Topical Term Literature
942 ## - ADDED ENTRY ELEMENTS (KOHA)
Koha item type Book
Holdings
Withdrawn status Lost status Damaged status Not for loan Permanent Location Current Location Shelving location Date acquired Cost, normal purchase price Full call number Accession Number Price effective from Koha item type
        Sree Sankaracharya University of Sanskrit Sree Sankaracharya University of Sanskrit Stacks 17.06.2020 20.00 M301 DAY/K 099691 17.06.2020 Book
        Sree Sankaracharya University of Sanskrit Sree Sankaracharya University of Sanskrit Stacks 29.07.2020 20.00 M301 DAY/K 100137 29.07.2020 Book